| 000 | 00387pab a2200145 454500 | ||
|---|---|---|---|
| 008 | 180718b1986 xxu||||| |||| 00| 0 eng d | ||
| 100 | _aBijlani, N.M | ||
| 245 | _aModernisation of solid waste management practices in Ahmedabad | ||
| 260 | _c1986 | ||
| 300 | _a17-25 | ||
| 362 | _aDec. | ||
| 650 | _aWaste, Utilization of - India - Gujarat | ||
| 773 | _aCivic Affairs | ||
| 909 | _a20566 | ||
| 999 |
_c20566 _d20566 |
||